00234nam a22001097a 4500003000400000082001200004100001000016245004400026260003000070300000900100650001500109SGT a546,MAL aMALIK aSelected Topics in Inorganic Chemistry  aNEW DELHIbS. CHANDc2016 a1142 aChemistry